Fathers of Musical Genres - Statistics

General Stats
  • This quiz has been taken 28 times
  • The average score is 3 of 17
Answer Stats
Genre 'Father' % Correct
Rock & Roll Chuck Berry
63%
Jazz Charles 'Buddy' Bolden (sometimes Louis Armstrong)
58%
Soul* James Brown
54%
Blues guitar Robert Johnson
46%
Ragtime Scott Joplin
21%
Punk Iggy Pop
17%
Western Music Johann Sebastian Bach
17%
Country Jimmie Rogers
8%
Grunge* Neil Young
8%
Bluegrass Bill Monroe
4%
'Death' Metal Chuck Schuldiner
4%
House* Frankie Knuckles
4%
Disco Giorgio Moroder
4%
Blues W. C. Handy
4%
Hip Hop DJ Kool Herc
0%
Classical guitar Francisco Tárrega
0%
R&B Louis Jordan
0%
No matching quizzes found
Score Distribution
Percent of People with Each Score
Percentile by Number Answered
Your Score History
You have not taken this quiz